Mathematical analysis ii / (Record no. 30077)

000 -LEADER
fixed length control field 00606 a2200205 4500
020 ## - INTERNATIONAL STANDARD BOOK NUMBER
International Standard Book Number 3540406336
020 ## - INTERNATIONAL STANDARD BOOK NUMBER
International Standard Book Number 9783540406334
082 04 - DEWEY DECIMAL CLASSIFICATION NUMBER
Classification number 515
090 ## - LOCALLY ASSIGNED LC-TYPE CALL NUMBER (OCLC); LOCAL CALL NUMBER (RLIN)
-- 1466
-- 1466
100 1# - MAIN ENTRY--PERSONAL NAME
Personal name Zorich, V. A.
245 10 - TITLE STATEMENT
Title Mathematical analysis ii /
Statement of responsibility, etc. V. A. Zorich, R. Cooke.
250 ## - EDITION STATEMENT
Edition statement 1st ed.
260 ## - PUBLICATION, DISTRIBUTION, ETC.
Place of publication, distribution, etc. [S.l.] :
Name of publisher, distributor, etc. Springer,
Date of publication, distribution, etc. 2004.
300 ## - PHYSICAL DESCRIPTION
Extent 703 p. ;
Dimensions 25 cm.
490 1# - SERIES STATEMENT
Series statement Universitext.
700 1# - ADDED ENTRY--PERSONAL NAME
Personal name Cooke, R.
830 #0 - SERIES ADDED ENTRY--UNIFORM TITLE
Uniform title Universitext.
942 ## - ADDED ENTRY ELEMENTS (KOHA)
Institution code [OBSOLETE] SNS
Koha item type Book
Call number prefix 515 ZOR
Holdings
Withdrawn status Lost status Damaged status Not for loan Permanent Location Current Location Date acquired Total Checkouts Full call number Barcode Date last seen Date last checked out Price effective from Koha item type
        School of Natural Sciences (SNS) School of Natural Sciences (SNS) 05/26/2016 3 515 ZOR SNS0000665 01/12/2023 08/26/2022 05/26/2016 Book
© 2023 Central Library, National University of Sciences and Technology. All Rights Reserved.